000 00606nam a2200193Ia 4500
008 210417s9999 xx 000 0 und d
020 _a9780750685153
020 _b750685158
082 _a658.40402466 MEL
082 _b2.658.40402466MEL
245 0 _aManaging project delivery: maintaining control and achieving success
245 0 _cManaging project delivery maintaining control and achieving success
250 _b"xvii, 293 p. : ill. 25 cm. ; pbk."
260 _aAmsterdam
260 _bElsevier
260 _c2009
700 _a"Melton,Trish"
700 _b"Trish Melton, Peter Iles-smith"
999 _c436882
_d436882